[Event "RA-2012-0-00238"]
[Site "LSS email"]
[Date "2012.09.23"]
[Round "?"]
[White "Lund, Jens Dahlen"]
[Black "Schenning, Albert AM"]
[Result "0-1"]
[WhiteElo "1825"]
[BlackElo "2100"]
[PlyCount "67"]
[EventDate "2012.09.01"]
[EventType "tourn (corr)"]
[EventRounds "6"]
[EventCountry "GER"]
[SourceTitle "Telechess CBM 165"]
[Source "ChessBase"]
[SourceDate "2015.03.11"]
[SourceVersion "1"]
[SourceVersionDate "2015.03.11"]
[SourceQuality "1"]

1. Nf3 d5 2. c4 Nf6 3. cxd5 Nxd5 4. e4 Nb6 5. Nc3 g6 6. d4 Bg7 7. Bb5+ c6 8. Be2 Bg4 9. Be3 0-0 10. 0-0 Bxf3 11. Bxf3 Nc4 12. e5 Nxe3 13. fxe3 Bh6 14. Re1 Nd7 15. Re2 Nb6 16. Qb3 a5 17. a4 Ra6 18. Be4 e6 19. Bd3 Ra8 20. Rd1 Nd5 21. Nxd5 Qxd5 22. Bc4 Qe4 23. Qd3 Qxd3 24. Rxd3 Rfd8 25. Kf2 c5 26. Kf3 cxd4 27. exd4 Rac8 28. Rc2 Bf8 29. Bb3 Rc6 30. Ke4 Bb4 31. g3 Rxc2 32. Bxc2 Rc8 33. Bb3 Rc1 34. Rd1 0-1

[Event "OP-2012-0-02271"]
[Site "LSS email"]
[Date "2012.07.19"]
[Round "?"]
[White "Posada, Charlie"]
[Black "Lund, Jens Dahlen"]
[Result "1-0"]
[WhiteElo "1713"]
[BlackElo "1823"]
[PlyCount "68"]
[EventDate "2012.06.26"]
[EventType "tourn (corr)"]
[EventRounds "4"]
[EventCountry "GER"]
[SourceTitle "Telechess CBM 161"]
[Source "ChessBase"]
[SourceDate "2014.07.16"]
[SourceVersion "1"]
[SourceVersionDate "2014.07.16"]
[SourceQuality "1"]

1. e4 c5 2. Nf3 d6 3. Bb5+ Nd7 4. 0-0 a6 5. Be2 Ngf6 6. Nc3 b5 7. Re1 Bb7 8. d3 e6 9. Bf1 Be7 10. a3 0-0 11. h3 Qc7 12. Bf4 h6 13. Bh2 Ne5 14. Nxe5 dxe5 15. a4 Bc6 16. Nb1 Nd7 17. Nd2 bxa4 18. Nc4 Bg5 19. Qe2 Rab8 20. Reb1 Bf4 21. Qe1 Rb4 22. Be2 Bxh2+ 23. Kxh2 Nb6 24. c3 Rb5 25. Na3 Ra5 26. f3 Bb7 27. Qh4 Rd8 28. Kg1 Kh7 29. Rd1 f5 30. Rac1 Rf8 31. Bf1 Bc6 32. Qf2 Ba8 33. Qg3 Rf7 34. Rc2 Bb7 1-0

[Event "OP-2012-0-02270"]
[Site "LSS email"]
[Date "2012.06.29"]
[Round "?"]
[White "Lund, Jens Dahlen"]
[Black "Pilgram, Kurt"]
[Result "1/2-1/2"]
[WhiteElo "2111"]
[BlackElo "1602"]
[PlyCount "74"]
[EventDate "2012.06.25"]
[EventType "tourn (corr)"]
[EventRounds "4"]
[EventCountry "GER"]
[SourceTitle "Telechess CBM 153"]
[Source "ChessBase"]
[SourceDate "2013.03.14"]
[SourceVersion "1"]
[SourceVersionDate "2013.03.14"]
[SourceQuality "1"]

1. e4 g6 2. d4 Bg7 3. Nf3 d6 4. Bc4 Nf6 5. Qe2 0-0 6. Nc3 c6 7. e5 dxe5 8. dxe5 Nd5 9. Bd2 Bg4 10. h3 Bxf3 11. gxf3 Nd7 12. f4 Nxc3 13. Bxc3 Nb6 14. Bb3 c5 15. Bd2 Qc7 16. c3 c4 17. Bc2 e6 18. 0-0-0 Rad8 19. Be4 Nd5 20. h4 h5 21. Be3 Ne7 22. Rxd8 Rxd8 23. Rd1 Rxd1+ 24. Qxd1 b6 25. Qa4 Bf8 26. Qe8 Kg7 27. Kd1 Nf5 28. Bxf5 gxf5 29. Qa8 Be7 30. Qg2+ Kh6 31. Kc2 Qc8 32. Qh1 Bd8 33. Bd4 Bc7 34. Qc6 Qb8 35. Qxc4 Bd8 36. Qc6 Bxh4 37. Kb3 Bd8 1/2-1/2

[Event "OP-2012-0-02267"]
[Site "LSS email"]
[Date "2012.06.27"]
[Round "?"]
[White "Lund, Jens Dahlen"]
[Black "Basson, Heinrich"]
[Result "1-0"]
[WhiteElo "2110"]
[BlackElo "1478"]
[PlyCount "33"]
[EventDate "2012.06.24"]
[EventType "tourn (corr)"]
[EventRounds "4"]
[EventCountry "GER"]
[SourceTitle "Corr 2015"]
[Source "ChessBase"]
[SourceDate "2015.07.17"]
[SourceVersion "1"]
[SourceVersionDate "2015.07.17"]
[SourceQuality "1"]

1. e4 c6 2. d4 d5 3. Nc3 e6 4. Nf3 Nd7 5. Bd3 a6 6. 0-0 Ne7 7. Re1 Nf6 8. Bg5 h6 9. Bd2 dxe4 10. Nxe4 Ned5 11. Ne5 Be7 12. c4 Nxe4 13. Rxe4 Nf6 14. Qf3 0-0 15. Rf4 c5 16. Re1 cxd4 17. Rxf6 1-0

[Event "OP-2012-0-02267"]
[Site "LSS email"]
[Date "2012.06.27"]
[Round "?"]
[White "Neumann, Frank"]
[Black "Lund, Jens Dahlen"]
[Result "0-1"]
[WhiteElo "566"]
[BlackElo "2110"]
[PlyCount "32"]
[EventDate "2012.06.24"]
[EventType "tourn (corr)"]
[EventRounds "4"]
[EventCountry "GER"]
[SourceTitle "Corr 2015"]
[Source "ChessBase"]
[SourceDate "2015.07.17"]
[SourceVersion "1"]
[SourceVersionDate "2015.07.17"]
[SourceQuality "1"]

1. b4 e5 2. Bb2 Bxb4 3. Bxe5 Nf6 4. e3 Nc6 5. Bb2 d5 6. Be2 0-0 7. Nf3 Be6 8. 0-0 Qe7 9. a3 Bd6 10. c4 dxc4 11. Nc3 a6 12. Ng5 h6 13. Nge4 Nxe4 14. Nxe4 Bxh2+ 15. Kh1 Qh4 16. Bf3 Bg3+ 0-1

[Event "OP-2012-0-02266"]
[Site "LSS email"]
[Date "2012.06.26"]
[Round "?"]
[White "Lund, Jens Dahlen"]
[Black "Raines, David T"]
[Result "1-0"]
[WhiteElo "1807"]
[BlackElo "1084"]
[PlyCount "39"]
[EventDate "2012.06.24"]
[EventType "tourn (corr)"]
[EventRounds "4"]
[EventCountry "GER"]
[SourceTitle "Telechess CBM 165"]
[Source "ChessBase"]
[SourceDate "2015.03.11"]
[SourceVersion "1"]
[SourceVersionDate "2015.03.11"]
[SourceQuality "1"]

1. e4 g6 2. Nc3 Bg7 3. f4 c6 4. d4 d5 5. e5 e6 6. Bd3 Nd7 7. Nf3 Ne7 8. 0-0 0-0 9. a4 a6 10. Be3 Qc7 11. a5 c5 12. dxc5 Nxc5 13. Na4 Nxd3 14. cxd3 Bd7 15. Nb6 Rad8 16. Rc1 Qb8 17. Bc5 Rfe8 18. Bd6 Qa7 19. Rf2 Nc8 20. Bc7 1-0

[Event "OP-2012-0-02266"]
[Site "LSS email"]
[Date "2012.06.26"]
[Round "?"]
[White "Lund, Jens Dahlen"]
[Black "Schild, Reinhard"]
[Result "1-0"]
[WhiteElo "1807"]
[BlackElo "2001"]
[PlyCount "115"]
[EventDate "2012.06.24"]
[EventType "tourn (corr)"]
[EventRounds "4"]
[EventCountry "GER"]
[SourceTitle "Telechess CBM 165"]
[Source "ChessBase"]
[SourceDate "2015.03.11"]
[SourceVersion "1"]
[SourceVersionDate "2015.03.11"]
[SourceQuality "1"]

1. e4 c5 2. Nf3 Nc6 3. d4 cxd4 4. Nxd4 Nf6 5. Nc3 e5 6. Ndb5 d6 7. Nd5 Nxd5 8. exd5 Ne7 9. c4 Nf5 10. Bd3 Be7 11. 0-0 a6 12. Nc3 0-0 13. a4 a5 14. Nb5 g6 15. Re1 Bd7 16. c5 Rc8 17. cxd6 Nxd6 18. Bh6 Re8 19. Rxe5 Bf6 20. Rxe8+ Bxe8 21. Qd2 Rc5 22. Nxd6 Qxd6 23. Be4 b6 24. Bf4 Qd8 25. Qd3 Bxb2 26. Rb1 Bg7 27. Be3 Rc3 28. Bxb6 Qe7 29. d6 Qe6 30. Qd5 Rc4 31. f3 Qxd5 32. Bxd5 Bd4+ 33. Bxd4 Rxd4 34. Rb8 Rxd5 35. Rxe8+ Kg7 36. Ra8 h5 37. Kf2 h4 38. Ra6 Kf6 39. f4 Ke6 40. Kf3 f5 41. g3 h3 42. d7+ Kf7 43. Ra7 Ke7 44. Ke3 Rd1 45. Rxa5 Re1+ 46. Kd4 Rh1 47. Ra8 Kxd7 48. Ke5 Rxh2 49. Ra7+ Ke8 50. Rh7 Rc2 51. Rxh3 Rc6 52. Rh8+ Kd7 53. Rh7+ Kd8 54. Rf7 Rc3 55. a5 Kc8 56. a6 Kb8 57. g4 Re3+ 58. Kf6 1-0

[Event "RA-2012-0-00217"]
[Site "LSS email"]
[Date "2012.06.16"]
[Round "?"]
[White "Sherwood, Russell"]
[Black "Lund, Jens Dahlen"]
[Result "1/2-1/2"]
[WhiteElo "2152"]
[BlackElo "2110"]
[PlyCount "67"]
[EventDate "2012.05.24"]
[EventType "tourn (corr)"]
[EventRounds "6"]
[EventCountry "GER"]
[SourceTitle "Telechess CBM 155"]
[Source "ChessBase"]
[SourceDate "2013.07.16"]
[SourceVersion "1"]
[SourceVersionDate "2013.07.16"]
[SourceQuality "1"]

1. e4 c6 2. d4 d5 3. Nc3 dxe4 4. Nxe4 Nf6 5. Nxf6+ gxf6 6. c3 Bf5 7. Nf3 Nd7 8. Bf4 Qb6 9. Bd3 Bxd3 10. Qxd3 Qxb2 11. 0-0 Qa3 12. Rab1 Nb6 13. Bc7 e6 14. Bxb6 axb6 15. Rxb6 Qxa2 16. Rxb7 Bg7 17. Nd2 0-0 18. Rfb1 f5 19. Nc4 Ra4 20. R7b3 Rd8 21. Rb8 Rf8 22. Ne3 Qa3 23. R8b3 Qe7 24. Rb7 Qa3 25. Nc4 Qa2 26. R7b3 Rd8 27. Rb8 Rf8 28. Ne3 Qa3 29. R8b3 Qe7 30. Rb7 Qa3 31. Rd1 h6 32. h3 Rd8 33. Nc2 Qd6 34. Qf3 1/2-1/2

[Event "OP-2012-0-02232"]
[Site "LSS email"]
[Date "2012.06.06"]
[Round "?"]
[White "Raines, David T"]
[Black "Lund, Jens Dahlen"]
[Result "0-1"]
[WhiteElo "1090"]
[BlackElo "2110"]
[PlyCount "30"]
[EventDate "2012.06.02"]
[EventType "tourn (corr)"]
[EventRounds "4"]
[EventCountry "GER"]
[SourceTitle "Corr 2015"]
[Source "ChessBase"]
[SourceDate "2015.07.17"]
[SourceVersion "1"]
[SourceVersionDate "2015.07.17"]
[SourceQuality "1"]

1. d4 Nf6 2. c4 e5 3. dxe5 Ng4 4. Nf3 Bc5 5. e3 Nc6 6. Be2 0-0 7. Nc3 Re8 8. 0-0 Ngxe5 9. b3 d6 10. Bb2 Re6 11. Nd4 Rh6 12. g3 Qd7 13. h4 Qh3 14. Nf3 Bxe3 15. fxe3 Qxg3+ 0-1

[Event "OP-2012-0-02171"]
[Site "LSS email"]
[Date "2012.04.29"]
[Round "?"]
[White "Lund, Jens Dahlen"]
[Black "Betts, Michael"]
[Result "1-0"]
[WhiteElo "2160"]
[BlackElo "1593"]
[PlyCount "81"]
[EventDate "2012.04.25"]
[EventType "tourn (corr)"]
[EventRounds "4"]
[EventCountry "GER"]
[SourceTitle "Telechess CBM 155"]
[Source "ChessBase"]
[SourceDate "2013.07.16"]
[SourceVersion "1"]
[SourceVersionDate "2013.07.16"]
[SourceQuality "1"]

1. e4 c5 2. Nf3 d6 3. d4 cxd4 4. Nxd4 Nf6 5. Nc3 a6 6. Be3 g6 7. Be2 Bg7 8. 0-0 0-0 9. a4 Nc6 10. Qd2 Ng4 11. Bxg4 Bxg4 12. Nd5 Rc8 13. a5 Re8 14. Rfc1 e6 15. Nb6 Bxd4 16. Bxd4 Nxd4 17. Qxd4 e5 18. Qe3 Rc6 19. c4 Be6 20. Rc2 Qh4 21. g3 Qg4 22. b3 f5 23. f3 Qh5 24. exf5 Qxf5 25. Rf2 Rc7 26. Rd1 Qf8 27. Na4 Rf7 28. Nc3 Bd7 29. Ne4 Bc6 30. Kg2 Rd8 31. Ng5 Rf6 32. b4 Kg7 33. Rb2 Qe8 34. b5 axb5 35. cxb5 Bxb5 36. Rdb1 Bd7 37. Rxb7 Rf8 38. a6 Qe7 39. a7 h6 40. Ne4 Ra8 41. R1b6 1-0

[Event "BI-2012-P-00004"]
[Site "LSS email"]
[Date "2012.04.20"]
[Round "?"]
[White "Lund, Jens Dahlen"]
[Black "Geiger, Walter"]
[Result "1/2-1/2"]
[WhiteElo "1825"]
[BlackElo "2075"]
[PlyCount "79"]
[EventDate "2012.04.22"]
[EventType "tourn (corr)"]
[EventRounds "10"]
[EventCountry "GER"]
[SourceTitle "Telechess CBM 165"]
[Source "ChessBase"]
[SourceDate "2015.03.11"]
[SourceVersion "1"]
[SourceVersionDate "2015.03.11"]
[SourceQuality "1"]

1. e4 e6 2. d4 d5 3. Nc3 Nf6 4. e5 Nfd7 5. Nf3 c5 6. dxc5 Nc6 7. Bf4 Bxc5 8. Bd3 f6 9. exf6 Qxf6 10. Bg3 a6 11. 0-0 0-0 12. Qe2 Nd4 13. Nxd4 Bxd4 14. Rae1 Nc5 15. Bd6 Nxd3 16. Qxd3 Bxc3 17. bxc3 Rf7 18. Be5 Qf5 19. f4 Bd7 20. Rf2 Rc8 21. Bd4 Rcf8 22. Qd1 h6 23. h4 Qh7 24. Be5 Rc8 25. h5 a5 26. g4 a4 27. Qb1 b5 28. Qd1 Rc4 29. a3 Re4 30. Rfe2 Rxe2 31. Rxe2 g5 32. fxg5 hxg5 33. Qd2 Qh6 34. Qe3 Rf8 35. Rf2 Rxf2 36. Kxf2 d4 37. Qxd4 Qf8+ 38. Kg3 Qf1 39. Qe3 Kf7 40. Qf3+ 1/2-1/2

[Event "BI-2012-P-00004"]
[Site "LSS email"]
[Date "2012.04.20"]
[Round "?"]
[White "Lund, Jens Dahlen"]
[Black "Hornyak, Anthony A"]
[Result "1-0"]
[WhiteElo "1825"]
[BlackElo "1278"]
[PlyCount "37"]
[EventDate "2012.04.22"]
[EventType "tourn (corr)"]
[EventRounds "10"]
[EventCountry "GER"]
[SourceTitle "Corr 2015"]
[Source "ChessBase"]
[SourceDate "2015.07.17"]
[SourceVersion "1"]
[SourceVersionDate "2015.07.17"]
[SourceQuality "1"]

1. e4 c5 2. Nf3 d6 3. b4 cxb4 4. a3 Nf6 5. axb4 g6 6. Nc3 Bg7 7. d4 0-0 8. Be2 Bg4 9. 0-0 Nbd7 10. h3 Bxf3 11. Bxf3 Rc8 12. Qd3 a6 13. Bd2 Qc7 14. Rfb1 Nb8 15. b5 Qc4 16. e5 Qxd3 17. cxd3 dxe5 18. dxe5 Nfd7 19. Bxb7 1-0

[Event "BI-2012-P-00004"]
[Site "LSS email"]
[Date "2012.04.20"]
[Round "?"]
[White "Molina, Vicente Andres"]
[Black "Lund, Jens Dahlen"]
[Result "0-1"]
[WhiteElo "822"]
[BlackElo "1825"]
[PlyCount "62"]
[EventDate "2012.04.22"]
[EventType "tourn (corr)"]
[EventRounds "10"]
[EventCountry "GER"]
[SourceTitle "Telechess CBM 165"]
[Source "ChessBase"]
[SourceDate "2015.03.11"]
[SourceVersion "1"]
[SourceVersionDate "2015.03.11"]
[SourceQuality "1"]

1. c4 Nf6 2. Nc3 e5 3. g3 Nc6 4. Bg2 Bc5 5. e3 0-0 6. Nge2 a6 7. Rb1 Bb6 8. d4 d6 9. 0-0 Bf5 10. e4 Bg4 11. h3 Bxe2 12. Nxe2 Nxd4 13. Nxd4 Bxd4 14. Be3 Bxe3 15. fxe3 a5 16. h4 Ra6 17. a3 a4 18. b4 axb3 19. Rxb3 Qa8 20. Qb1 Rxa3 21. Rxb7 Ng4 22. Rf3 Ra1 23. Rf1 Rxb1 24. Rfxb1 Qa2 25. R1b2 Qxc4 26. Bf3 f5 27. exf5 Qc1+ 28. Kg2 Nxe3+ 29. Kh3 Qf1+ 30. Bg2 Nxg2 31. Kg4 Qxf5# 0-1

[Event "OP-2012-0-02137"]
[Site "LSS email"]
[Date "2012.04.05"]
[Round "?"]
[White "Lund, Jens Dahlen"]
[Black "Smith, Harry E"]
[Result "1-0"]
[WhiteElo "2146"]
[BlackElo "681"]
[PlyCount "29"]
[EventDate "2012.04.02"]
[EventType "tourn (corr)"]
[EventRounds "4"]
[EventCountry "GER"]
[SourceTitle "Corr 2015"]
[Source "ChessBase"]
[SourceDate "2015.07.17"]
[SourceVersion "1"]
[SourceVersionDate "2015.07.17"]
[SourceQuality "1"]

1. e4 e6 2. Nf3 d5 3. e5 c5 4. b4 c4 5. a3 b5 6. Nc3 Ne7 7. Nxb5 a6 8. Nd6+ Kd7 9. Nxf7 Qe8 10. Nxh8 g6 11. Ng5 Bh6 12. Nhf7 Bxg5 13. Nxg5 Nf5 14. Nxh7 Bb7 15. Nf6+ 1-0

[Event "OP-2012-0-02137"]
[Site "LSS email"]
[Date "2012.04.05"]
[Round "?"]
[White "Lund, Jens Dahlen"]
[Black "Walczak, Tomasz"]
[Result "1/2-1/2"]
[WhiteElo "2146"]
[BlackElo "2120"]
[PlyCount "41"]
[EventDate "2012.04.02"]
[EventType "tourn (corr)"]
[EventRounds "4"]
[EventCountry "GER"]
[SourceTitle "Corr 2015"]
[Source "ChessBase"]
[SourceDate "2015.07.17"]
[SourceVersion "1"]
[SourceVersionDate "2015.07.17"]
[SourceQuality "1"]

1. e4 c5 2. Nf3 d6 3. Bb5+ Bd7 4. Bxd7+ Qxd7 5. c4 Nc6 6. d4 cxd4 7. Nxd4 Nf6 8. Nc3 g6 9. f3 Bg7 10. Be3 0-0 11. 0-0 Rfc8 12. b3 Qd8 13. Qd2 Qa5 14. Rac1 a6 15. Nxc6 Rxc6 16. Rfd1 Nd7 17. Nd5 Qxd2 18. Rxd2 Kf8 19. Nb4 Rcc8 20. Nd3 Ke8 21. Kf2 1/2-1/2

[Event "SA-2012-0-00255"]
[Site "LSS email"]
[Date "2012.04.03"]
[Round "?"]
[White "Lombart, Philippe"]
[Black "Lund, Jens Dahlen"]
[Result "1-0"]
[WhiteElo "1807"]
[BlackElo "1825"]
[PlyCount "74"]
[EventDate "2012.03.12"]
[EventType "tourn (corr)"]
[EventRounds "6"]
[EventCountry "GER"]
[SourceTitle "Telechess CBM 159"]
[Source "ChessBase"]
[SourceDate "2014.03.17"]
[SourceVersion "1"]
[SourceVersionDate "2014.03.17"]
[SourceQuality "1"]

1. d4 Nf6 2. c4 e6 3. Nc3 Bb4 4. Qc2 c5 5. dxc5 0-0 6. Nf3 Na6 7. g3 Nxc5 8. Bg2 Nce4 9. 0-0 Nxc3 10. bxc3 Bc5 11. e4 d6 12. e5 dxe5 13. Nxe5 Qc7 14. Qe2 Bd6 15. Bf4 Ne8 16. c5 Qxc5 17. c4 f6 18. Nd3 Qc7 19. Bd2 Qxc4 20. Rac1 Qxa2 21. Ra1 Qc4 22. Rfc1 Qb5 23. Rxc8 Rxc8 24. Qxe6+ Kh8 25. Qxc8 Qxd3 26. Be3 f5 27. Qxb7 a5 28. Bf1 Qc3 29. Rc1 Qf6 30. Rc6 Qe7 31. Qxe7 Bxe7 32. Ra6 Bb4 33. Bb6 Nf6 34. Bd3 f4 35. Bxa5 Bxa5 36. Rxa5 fxg3 37. hxg3 Rd8 1-0

[Event "SA-2012-0-00255"]
[Site "LSS email"]
[Date "2012.04.03"]
[Round "?"]
[White "Schmitz, Martin"]
[Black "Lund, Jens Dahlen"]
[Result "1-0"]
[WhiteElo "2108"]
[BlackElo "1825"]
[PlyCount "41"]
[EventDate "2012.03.12"]
[EventType "tourn (corr)"]
[EventRounds "6"]
[EventCountry "GER"]
[SourceTitle "Telechess CBM 159"]
[Source "ChessBase"]
[SourceDate "2014.03.17"]
[SourceVersion "1"]
[SourceVersionDate "2014.03.17"]
[SourceQuality "1"]

1. e4 e5 2. Nf3 Nc6 3. Bb5 a6 4. Bxc6 dxc6 5. 0-0 f6 6. d4 exd4 7. Nxd4 c5 8. Ne2 Qxd1 9. Rxd1 Bd7 10. Be3 0-0-0 11. Nbc3 Re8 12. Rd2 Bc6 13. Rad1 b6 14. a4 Kb7 15. a5 b5 16. f3 f5 17. Ng3 g6 18. Kf2 b4 19. Nd5 Bxd5 20. Rxd5 Nf6 21. Rd8 1-0

[Event "RA-2012-0-00199"]
[Site "LSS email"]
[Date "2012.03.28"]
[Round "?"]
[White "Lund, Jens Dahlen"]
[Black "Tylecek, Drahomir"]
[Result "1/2-1/2"]
[WhiteElo "2110"]
[BlackElo "1985"]
[PlyCount "51"]
[EventDate "2012.03.13"]
[EventType "tourn (corr)"]
[EventRounds "6"]
[EventCountry "GER"]
[SourceTitle "Telechess CBM 155"]
[Source "ChessBase"]
[SourceDate "2013.07.16"]
[SourceVersion "1"]
[SourceVersionDate "2013.07.16"]
[SourceQuality "1"]

1. e4 e5 2. Nf3 Nc6 3. Bb5 a6 4. Bxc6 dxc6 5. 0-0 f6 6. d4 exd4 7. Nxd4 c5 8. Ne2 Qxd1 9. Rxd1 Bd7 10. Nbc3 0-0-0 11. Be3 b6 12. a4 Bd6 13. Bf4 Bc6 14. Bxd6 Rxd6 15. Rxd6 cxd6 16. f3 Ne7 17. Rd1 Kd7 18. Nf4 g5 19. Nfd5 Nxd5 20. exd5 Bb7 21. Ne4 Rf8 22. c4 h6 23. h4 Kc7 24. hxg5 fxg5 25. Kf2 Bc8 26. Ke2 1/2-1/2

[Event "RA-2012-0-00199"]
[Site "LSS email"]
[Date "2012.03.28"]
[Round "?"]
[White "Sherwood, Russell"]
[Black "Lund, Jens Dahlen"]
[Result "1/2-1/2"]
[WhiteElo "2152"]
[BlackElo "2110"]
[PlyCount "44"]
[EventDate "2012.03.13"]
[EventType "tourn (corr)"]
[EventRounds "6"]
[EventCountry "GER"]
[SourceTitle "Telechess CBM 155"]
[Source "ChessBase"]
[SourceDate "2013.07.16"]
[SourceVersion "1"]
[SourceVersionDate "2013.07.16"]
[SourceQuality "1"]

1. e4 e5 2. Nf3 Nc6 3. Bb5 a6 4. Ba4 Nf6 5. 0-0 Be7 6. Re1 b5 7. Bb3 0-0 8. c3 d6 9. h3 Bb7 10. d4 Re8 11. Nbd2 Bf8 12. a4 h6 13. Bc2 exd4 14. cxd4 Nb4 15. Bb1 c5 16. d5 Nd7 17. Ra3 g6 18. Nf1 Bg7 19. Ne3 Nf6 20. Nf1 Nd7 21. Ne3 Nf6 22. Nf1 Nd7 1/2-1/2

[Event "BI-2011-F-00004"]
[Site "LSS email"]
[Date "2012.02.12"]
[Round "?"]
[White "Degterev, Pavel"]
[Black "Lund, Jens Dahlen"]
[Result "1/2-1/2"]
[WhiteElo "2230"]
[BlackElo "1807"]
[PlyCount "48"]
[EventDate "2012.02.15"]
[EventType "tourn (corr)"]
[EventRounds "10"]
[EventCountry "GER"]
[SourceTitle "Telechess CBM 165"]
[Source "ChessBase"]
[SourceDate "2015.03.11"]
[SourceVersion "1"]
[SourceVersionDate "2015.03.11"]
[SourceQuality "1"]

1. b4 Nf6 2. Bb2 e6 3. b5 a6 4. a4 axb5 5. axb5 Rxa1 6. Bxa1 c5 7. Nf3 d5 8. c4 Nbd7 9. d3 Qc7 10. e3 Bd6 11. Nbd2 0-0 12. Be2 b6 13. 0-0 Bb7 14. Qc2 Ra8 15. Bb2 Be7 16. Rc1 Ra2 17. h3 Ne8 18. Qb1 Ra4 19. Qc2 Ra2 20. d4 Nd6 21. Bd3 h6 22. Qb1 Ra4 23. Qc2 Ra2 24. Qb1 Ra4 1/2-1/2